| 000 | 00411cam a2200181ua 4500 | ||
|---|---|---|---|
| 020 | _c44np | ||
| 041 |
_aeng _h |
||
| 082 |
_a320.58 _bgan/SE |
||
| 100 | _aM.K. Gandhi, Gandhi . | ||
| 245 |
_aselected letters seeries 1 _hTextual Documents |
||
| 260 |
_a : _bNavajivan , _c1949. |
||
| 300 | _a56 ; . | ||
| 365 | _a44np | ||
| 504 | _a | ||
| 650 | _aCHILDERN | ||
| 942 | _cBK | ||
| 999 |
_c11154 _d11154 |
||